=LDR 00000nam 2200000 4500 =001 NUTBA000000000005811 =005 20141111090554.0 =006 =007 =008 =020 ##$$a 978-602-8489-55-3 =035 ##$$a 0010-111400000000290 =040 ##$$a NBPDMAT =090 ##$$a 613.83 $b Wen m =100 ##$$a Weni Rahayu =245 ##$$a Mengantisipasi penyalahgunaan narkoba/ $c Weni Rahayu =250 ##$$a Cet.2 =260 ##$$a Jakarta : $b Mendiantara Semesta, $c 2011 =300 ##$$a iv, 60 hlm. : $b ilus. ; $c 24 cm. =500 ##$$a Bibliografi : hlm. 59 =650 ##$$a Narkotika =850 ##$$a NBPDMAT